00273nam a2200109Ia 4500008004100000020001800041082001700059100001800076245002900094260003100123300000900154231207s9999 xx 000 0 und d a9781883051167 a708.794bSCH aSchele, Linda 0aHidden faces of the Maya bImpetus Comunicacionc1997 a184p